Beyond bullet points : (Record no. 56144)
[ view plain ]
| 000 -LEADER | |
|---|---|
| fixed length control field | 00852nam a2200241 a 4500 |
| 001 - CONTROL NUMBER | |
| control field | 56144 |
| 003 - CONTROL NUMBER IDENTIFIER | |
| rucl marc code | BD-RjUL |
| 005 - DATE AND TIME OF LATEST TRANSACTION | |
| control field | 20211209080346.0 |
| 008 - FIXED-LENGTH DATA ELEMENTS--GENERAL INFORMATION | |
| fixed length control field | 161127s2005 ii a|||| |||| 001 0 eng d |
| 020 ## - INTERNATIONAL STANDARD BOOK NUMBER | |
| International Standard Book Number | 8120328361 |
| 035 ## - SYSTEM CONTROL NUMBER | |
| System control number | (BD-RjUL)56268 |
| 040 ## - CATALOGING SOURCE | |
| Language of cataloging | eng |
| Modifying agency | BD-RjUL |
| Original cataloging agency | BD-RjUL |
| Transcribing agency | BD-RjUL |
| 041 ## - LANGUAGE CODE | |
| Language code of text/sound track or separate title | eng |
| 082 04 - DEWEY DECIMAL CLASSIFICATION NUMBER | |
| Classification number | 005.58 |
| Edition number | 23 |
| Author mark and year | ATB 2005. |
| 100 1# - MAIN ENTRY--PERSONAL NAME | |
| Personal name | Atkinson, Cliff. |
| 9 (RLIN) | 167127 |
| 245 10 - TITLE STATEMENT | |
| Title | Beyond bullet points : |
| Remainder of title | using Microsoft PowerPoint to create presentations that inform, motivate, and inspire / |
| Statement of responsibility, etc. | Cliff Atkinson. |
| 260 ## - PUBLICATION, DISTRIBUTION, ETC. (IMPRINT) | |
| Place of publication, distribution, etc. | India : |
| Name of publisher, distributor, etc. | Prentice- Hall of India Private Ltd., |
| Date of publication, distribution, etc. | c2005. |
| 300 ## - PHYSICAL DESCRIPTION | |
| Pagination | xv, 223 p. : |
| Illustrations | ill. ; |
| Size | 23 cm. |
| 500 ## - GENERAL NOTE | |
| General note | Includes index. |
| 650 #0 - SUBJECT ADDED ENTRY--TOPICAL TERM | |
| Topical term or geographic name as entry element | Business presentations. |
| Form subdivision | Graphic methods. |
| General subdivision | Computer programs. |
| 9 (RLIN) | 167128 |
| Topical term or geographic name as entry element | Multimedia systems in business presentations. |
| 9 (RLIN) | 167129 |
| 942 ## - ADDED ENTRY ELEMENTS (KOHA) | |
| Source of classification or shelving scheme | Dewey Decimal Classification |
| Koha item type | Books |
| Lost status | Source of classification or shelving scheme | Damaged status | Not for loan | Collection code | Permanent Location | Current Location | Shelving location | Date acquired | Source of acquisition | Cost, normal purchase price | Total Checkouts | Full call number | Date last seen | Copy number | Koha item type |
|---|---|---|---|---|---|---|---|---|---|---|---|---|---|---|---|
| Dewey Decimal Classification | Non-fiction | Central Library, University of Rajshahi | Central Library, University of Rajshahi | 09/06/2008 | Dhaka: paragon enterprise Ltd. | 225.00 | 005.58 ATB 2005 | 27/11/2016 | C-2 | Books | |||||
| Dewey Decimal Classification | Not For Loan | Non-fiction | Central Library, University of Rajshahi | Central Library, University of Rajshahi | Rare Book Section | 09/06/2008 | Paragon Enterprises Dhaka | 225.00 | 005.58 ATB 2005. | 14/03/2017 | C-1 | Books |